| 000 | 00629nam a2200205Ia 4500 | ||
|---|---|---|---|
| 005 | 20260429111959.0 | ||
| 008 | 260429s9999||||xx |||||||||||||| ||und|| | ||
| 020 | _a9798886130980 | ||
| 041 | _aEnglish | ||
| 082 |
_a511.5 _bGRI |
||
| 100 | _aGriffin, Christopher | ||
| 245 | 0 |
_aApplied graph theory : _ban introduction with graph optimization and algebraic graph theory / _cChristopher Griffin |
|
| 260 |
_aSingapore : _bWorld Scientific Publishing, _c2024. |
||
| 300 | _axxi, 282 p.; pbk | ||
| 650 | _a Algebra | ||
| 650 | _a Graph theory | ||
| 650 | _a Mathematical principles | ||
| 650 | _aMathematics | ||
| 942 | _cTB | ||
| 999 |
_c51727 _d51727 |
||